[Event "North American-ch U10 Girls"]
[Site "Montreal"]
[Date "2010.08.18"]
[Round "6"]
[White "Zhu, Jiarong"]
[Black "Nazarov, Stephanie"]
[Result "1-0"]
[WhiteElo "1130"]
[BlackElo "979"]
[PlyCount "135"]
[EventDate "2010.08.16"]
[EventType "swiss"]
[EventRounds "7"]
[EventCountry "CAN"]
[SourceTitle "EXT 2013"]
[Source "ChessBase"]
[SourceDate "2012.11.22"]
[SourceVersion "1"]
[SourceVersionDate "2012.11.22"]
[SourceQuality "1"]

1. e4 e5 2. Nf3 Nc6 3. Bb5 a6 4. Bxc6 dxc6 5. h3 Nf6 6. 0-0 Bc5 7. Nxe5 Qd4 8. Nf3 Qd6 9. e5 Qe6 10. exf6 Qxf6 11. d4 Bd6 12. Nc3 0-0 13. Re1 Bf5 14. d5 Bb4 15. Bg5 Qg6 16. a3 Ba5 17. b4 Bb6 18. Qd2 h6 19. Nh4 Qd6 20. Be7 Qd7 21. Bxf8 Rxf8 22. Nxf5 Qxf5 23. dxc6 bxc6 24. Re2 a5 25. Rae1 Kh7 26. Qd3 Qxd3 27. cxd3 Rd8 28. Rd1 axb4 29. axb4 Rd4 30. Re7 f6 31. Na4 Rxb4 32. Nxb6 cxb6 33. d4 Rb5 34. Rc7 Rd5 35. Rxc6 b5 36. Rc5 Rd8 37. Rxb5 Kg8 38. d5 Kf8 39. d6 Kf7 40. d7 Ke7 41. f4 g6 42. g4 g5 43. fxg5 fxg5 44. Kg2 Ke6 45. Kg3 Ke7 46. h4 gxh4+ 47. Kxh4 Kf7 48. Rc5 Ke6 49. Kh5 Ke7 50. Re5+ Kf7 51. Re8 Rxe8 52. dxe8Q+ Kxe8 53. Kxh6 Kf7 54. g5 Kg8 55. Rf1 Kh8 56. Kg6 Kg8 57. Kf6 Kf8 58. Ke6+ Kg7 59. g6 Kxg6 60. Rg1+ Kh5 61. Kf6 Kh4 62. Kf5 Kh3 63. Kf4 Kh2 64. Rg8 Kh3 65. Rg7 Kh2 66. Kf3 Kh1 67. Kf2 Kh2 68. Rh7# 1-0

[Event "North American-ch U10 Girls"]
[Site "Montreal"]
[Date "2010.08.16"]
[Round "1"]
[White "Palakollu, Samritha"]
[Black "Nazarov, Stephanie"]
[Result "1-0"]
[WhiteElo "1500"]
[BlackElo "979"]
[PlyCount "47"]
[EventDate "2010.08.16"]
[EventType "swiss"]
[EventRounds "7"]
[EventCountry "CAN"]
[SourceTitle "EXT 2013"]
[Source "ChessBase"]
[SourceDate "2012.11.22"]
[SourceVersion "1"]
[SourceVersionDate "2012.11.22"]
[SourceQuality "1"]

1. e4 e5 2. Nf3 Nc6 3. Bc4 Nf6 4. d3 Bc5 5. c3 d5 6. exd5 Nxd5 7. 0-0 Bg4 8. h3 Bh5 9. Re1 Qd6 10. Bb5 f6 11. d4 Bb6 12. dxe5 fxe5 13. Rxe5+ Qxe5 14. Nxe5 Bxd1 15. Nxc6 Kd7 16. Nb4+ c6 17. Bd3 Nxb4 18. Bf5+ Kd6 19. cxb4 a5 20. Bf4+ Ke7 21. Nc3 Bh5 22. Re1+ Kd8 23. Na4 Bc7 24. Bg5# 1-0